| 000 | 00625nam a2200205Ia 4500 | ||
|---|---|---|---|
| 005 | 20250507130353.0 | ||
| 008 | 008 250505s9999 xx 000 0 eng d | ||
| 020 | _a9784872979640 | ||
| 037 | _aAnnuals, Advances | ||
| 040 |
_aEASL _beng _cEASL |
||
| 041 |
_aeng _2eng |
||
| 084 |
_aV42:19438.N5, P7 _qEASL |
||
| 100 |
_aNemoto Kei Ed. _9665397 |
||
| 245 | 0 | _aJapanese military occupation in Burma (1942-45) | |
| 260 |
_aJapan _bTokyo Tokyo University of Foreign Studies _c2007 |
||
| 300 | _avii,236p. | ||
| 650 | _aJEL | ||
| 942 |
_cTEXL _hV42:19438.N5, P7 |
||
| 999 |
_c1319294 _d1319294 |
||